FOOLS - Troye Sivan (All Lyrics) - Statistics

General Stats
  • This quiz has been taken 66 times
  • The average score is 256 of 291
Answer Stats
FOOLS % Correct
fools
100%
for
100%
on
100%
you
100%
do
97%
fall
97%
Pre-Chorus | Verse 1 I
97%
Bridge | Chorus | Outro Only
97%
only
97%
a
95%
And
95%
and
95%
what
95%
am
92%
it
92%
of
92%
the
92%
The
92%
all
89%
this
89%
tired
89%
to
89%
But
86%
little
86%
see
86%
away
84%
hope
84%
my
84%
people
84%
pools
84%
swimming
84%
they
84%
want
84%
change
81%
gave
81%
it's
81%
living
81%
place
81%
rooms
81%
are
78%
house
78%
i'm
78%
is
78%
keep
78%
them
78%
don't
76%
high
76%
mistake
76%
still
76%
things
76%
aeroplanes
73%
children's
73%
everything
73%
hopes
73%
must
73%
names
73%
nights
73%
small
73%
time
73%
try
73%
hill
70%
over
70%
quiet
70%
need
68%
resist
68%
like
65%
replace
65%
fuck
62%
not
62%
up
62%
your
62%
give
59%
collide
57%
Verse 2 Oh
57%
our
57%
Though
57%
with
57%
giving
54%
ice
54%
poured
54%
shattering
54%
Tanqueray
54%
aware
51%
obsession
51%
differences
49%
lives
49%
stick
49%
impulses
43%
aerosol
41%
got
24%
We've
19%
No matching quizzes found
Score Distribution
Percent of People with Each Score
Percentile by Number Answered
Your Score History
You have not taken this quiz